01669cam a2200265 4500008004100000020001500041035001200056050002200068100002500090245016900115260007500284300001800359500008200377500005500459504005100514505048700565650003001052650004601082700005201128700005101180700003501231700004701266700004101313700004901354030917s1999 ag 000 0 spa u a9505085273 aa43188304aKKH834 bV57 19991 aVisintini, Giovanna.10aTratado de la responsabiblidad civil / cGiovanna Visintini; traducción de Aída Kemelmajer de Carlucci; colaboración de María L. Atienza Navarro...[et..al]. aBuenos Aires, Argentina :bAstrea de Alfredo y Ricardo Depalma, c1999 a2 v. ; 23 cm. aTítulo original en italiano : Trattato breve della responsabilitá civile. aRecursos de la Dirección General de Bibliotecas. aIncluye bibliografía e índice alfabético00aContenido : gV.1. tLa culpa como criterio de imputación de la responsabilidad. Incumplimiento y responsabiblidad del deudor. Culpa aquiliana y culpa contractual. La culpa profesional. El dolo. -- gV.2. tEl daño. Otros criterios de imputación. Imputabilidad y causas de justificación. Daño resarcible y nexo causal. Responsabilidad por el hecho ajeno. Daños derivados de las cosas inanimadas, de los animales, de los productos defectuosos y de la actividad peligrosa.10aActos ilícitos zItalia20aResponsabilidad extracontractual zItalia1 aKemelmajer de Carlucci, Aída, etraducción.1 aAtienza Navarro, María L., ecolaboración.1 aBossio, Paz, ecolaboración.1 aEspinoza-Espinoza, Juan, ecolaboración.1 aLonghin, Fabricio, ecolaboración.1 aWoolcott Oyagüe, Olenka, ecolaboración.